000 00491nam a2200181Ia 4500
005 20250326125959.0
008 250326s9999 xx 000 0 und d
037 _aTextbook
040 _aFMSL
_beng
_cFMSL
041 _aeng
_2eng
084 _aX:75.44N73 N7
_qFMSL
100 _aGovt. OF India
245 0 _aAnnual plan 1967-68
_cGovt. OF India
260 _aDelhi
_bDelhi, Division
_c1967
300 _a173p
942 _cTB
_hX:75.44N73 N7
999 _c1280429
_d1280429